Biggest Cities in Colombia (Updated) - Statistics

General Stats
  • This quiz has been taken 22 times
  • The average score is 9 of 20
Answer Stats
Population City % Correct
7,715,800 Bogotá
100%
2,205,700 Cali
100%
2,490,200 Medellín
100%
1,273,600 Barranquilla
89%
914,600 Cartagena
89%
597,300 Bucaramanga
44%
484,000 Santa Marta
39%
297,100 Armenia
33%
748,900 Cúcuta
33%
536,400 Bello
28%
502,000 Ibagué
28%
664,100 Soledad
28%
420,900 Manizales
22%
395,200 Montería
22%
340,500 Neiva
22%
305,400 Pasto
22%
399,300 Pereira
22%
502,000 Villavicencio
22%
749,000 Soacha
17%
468,200 Valledupar
17%
No matching quizzes found
Score Distribution
Percent of People with Each Score
Percentile by Number Answered
Your Score History
You have not taken this quiz